[Event "Berlin op 07"]
[Site "Berlin"]
[Date "2006.07.16"]
[Round "9"]
[White "Krasnici, Hasan"]
[Black "Schoenberger, Kay"]
[Result "1/2-1/2"]
[WhiteElo "2230"]
[BlackElo "1937"]
[PlyCount "128"]
[EventDate "2006.07.08"]
[EventType "swiss"]
[EventRounds "9"]
[EventCountry "GER"]
[SourceTitle "CBM 113 Extra"]
[Source "ChessBase"]
[SourceDate "2006.09.14"]
[SourceVersion "1"]
[SourceVersionDate "2006.09.14"]
[SourceQuality "1"]

1. e4 c5 2. Nf3 d6 3. d4 cxd4 4. Nxd4 Nf6 5. Nc3 a6 6. Bc4 e6 7. Bb3 Be7 8. Be3 0-0 9. f3 Nc6 10. g4 Na5 11. Qd2 Nxb3 12. Nxb3 b5 13. 0-0-0 Bd7 14. g5 Nh5 15. f4 b4 16. Ne2 a5 17. Kb1 g6 18. Ng3 Ng7 19. h4 Qc7 20. h5 Rfc8 21. hxg6 fxg6 22. Rh2 a4 23. Nc1 a3 24. b3 Qc3 25. Nd3 e5 26. Qxc3 bxc3 27. fxe5 Bg4 28. Rdh1 Nh5 29. Nxh5 Bxh5 30. exd6 Bxd6 31. e5 Bf8 32. Rf2 Bg4 33. Rh4 Bf5 34. Rff4 Bxd3 35. cxd3 c2+ 36. Kc1 Rc3 37. Rc4 Rxd3 38. Bd2 Rad8 39. Rh2 Bg7 40. Rc5 R3d5 41. Rxd5 Rxd5 42. Kxc2 Bxe5 43. Rg2 Bd6 44. b4 Be7 45. Rg3 Kf7 46. Kc3 Bxb4+ 47. Kxb4 Rxd2 48. Kxa3 h5 49. gxh6 Rh2 50. Kb3 Rxh6 51. a4 Kf6 52. a5 Kf5 53. Kb4 g5 54. Kb5 Kf4 55. Ra3 g4 56. a6 Rxa6 57. Kxa6 g3 58. Kb5 g2 59. Ra1 Kf3 60. Kc4 Kf2 61. Ra2+ Kf1 62. Kd3 g1Q 63. Ra1+ Kg2 64. Rxg1+ Kxg1 1/2-1/2

[Event "Berlin op 07"]
[Site "Berlin"]
[Date "2006.07.15"]
[Round "8"]
[White "Belostozkaja, Julia"]
[Black "Krasnici, Hasan"]
[Result "1-0"]
[WhiteElo "2076"]
[BlackElo "2230"]
[PlyCount "73"]
[EventDate "2006.07.08"]
[EventType "swiss"]
[EventRounds "9"]
[EventCountry "GER"]
[SourceTitle "CBM 113 Extra"]
[Source "ChessBase"]
[SourceDate "2006.09.14"]
[SourceVersion "1"]
[SourceVersionDate "2006.09.14"]
[SourceQuality "1"]

1. e4 c5 2. Nf3 Nc6 3. d4 cxd4 4. Nxd4 Nf6 5. Nc3 e5 6. Ndb5 d6 7. Nd5 Nxd5 8. exd5 Nb8 9. c4 Be7 10. Be2 0-0 11. 0-0 a6 12. Nc3 f5 13. f3 Bg5 14. Kh1 Nd7 15. Qc2 b6 16. b4 Bxc1 17. Raxc1 Qh4 18. Bd3 g6 19. Na4 Rb8 20. Qf2 Qh6 21. Qe2 Nf6 22. c5 bxc5 23. bxc5 Rb4 24. Rc4 Nh5 25. Kg1 Nf4 26. Qc2 dxc5 27. Nxc5 a5 28. Rxb4 axb4 29. d6 Qg7 30. Bb5 Qa7 31. Kh1 Bb7 32. Nd7 Rc8 33. Qb3+ Kg7 34. Nxe5 Bd5 35. d7 Rd8 36. Qxb4 Qxa2 37. Qxf4 1-0

[Event "Berlin op 07"]
[Site "Berlin"]
[Date "2006.07.14"]
[Round "7"]
[White "Krasnici, Hasan"]
[Black "Von Loehneysen, Leonard"]
[Result "1-0"]
[WhiteElo "2219"]
[BlackElo "2033"]
[PlyCount "85"]
[EventDate "2006.07.08"]
[EventType "swiss"]
[EventRounds "9"]
[EventCountry "GER"]
[SourceTitle "CBM 113 Extra"]
[Source "ChessBase"]
[SourceDate "2006.09.14"]
[SourceVersion "1"]
[SourceVersionDate "2006.09.14"]
[SourceQuality "1"]

1. e4 c5 2. Nf3 Nc6 3. d4 cxd4 4. Nxd4 Nf6 5. Nc3 e5 6. Ndb5 d6 7. Nd5 Nxd5 8. exd5 Nb8 9. Qf3 a6 10. Qa3 b6 11. c4 Be7 12. Bg5 f6 13. Bd2 Bb7 14. Nc3 0-0 15. Be3 Nd7 16. g4 f5 17. gxf5 Rxf5 18. 0-0-0 Nc5 19. b4 Nd7 20. Qb3 Bg5 21. Ne4 Bxe3+ 22. Qxe3 Nf6 23. f3 Nxe4 24. fxe4 Rf4 25. Bd3 Qc7 26. Kb2 a5 27. b5 Rc8 28. Rhf1 Rxf1 29. Rxf1 Qc5 30. Qf3 Qb4+ 31. Kc1 Qa3+ 32. Kd1 h6 33. Qf7+ Kh8 34. Rf3 Ba8 35. Rg3 Rg8 36. Qf2 Qc5 37. Qxc5 bxc5 38. Rg6 Rd8 39. h4 Kg8 40. Be2 Kf7 41. h5 Bb7 42. Bg4 Kf8 43. Kc2 1-0

[Event "Berlin op 05"]
[Site "Berlin"]
[Date "2006.05.27"]
[Round "6"]
[White "Modler, Andreas"]
[Black "Krasnici, Hasan"]
[Result "1-0"]
[WhiteElo "2019"]
[BlackElo "2129"]
[PlyCount "65"]
[EventDate "2006.05.24"]
[EventType "swiss"]
[EventRounds "7"]
[EventCountry "GER"]
[SourceTitle "EXT 2007"]
[Source "ChessBase"]
[SourceDate "2006.11.23"]
[SourceVersion "1"]
[SourceVersionDate "2006.11.23"]
[SourceQuality "1"]

1. d4 d5 2. c4 c6 3. Nf3 Nf6 4. Qc2 e6 5. g3 Nbd7 6. Bg2 Bd6 7. Nbd2 0-0 8. 0-0 b6 9. e4 dxe4 10. Ng5 Bb7 11. Ndxe4 Be7 12. c5 h6 13. Nxf6+ Nxf6 14. Nf3 Nd5 15. Bd2 Bf6 16. Rfe1 Qc7 17. Ne5 bxc5 18. Qxc5 Bxe5 19. dxe5 Qb6 20. Qc1 c5 21. b3 f5 22. exf6 Rxf6 23. Be3 Rc8 24. Qc4 Qa5 25. Qe4 Rcf8 26. f4 R8f7 27. Qe5 Nb4 28. Qb8+ Rf8 29. Qxb7 Nc2 30. Bf2 Nxa1 31. Rxa1 g5 32. Be1 Qd8 33. Bc3 1-0

[Event "Berlin SF Neukoelln op 3rd"]
[Site "Berlin"]
[Date "2004.03.19"]
[Round "7"]
[White "Andersen, Knut"]
[Black "Krasnici, Hasan"]
[Result "0-1"]
[WhiteElo "1991"]
[BlackElo "2241"]
[PlyCount "102"]
[EventDate "2004.02.07"]
[EventType "swiss"]
[EventRounds "7"]
[EventCountry "GER"]
[SourceTitle "EXT 2022"]
[Source "ChessBase"]
[SourceDate "2021.10.06"]
[SourceVersion "1"]
[SourceVersionDate "2021.10.06"]
[SourceQuality "1"]

1. d4 d5 2. c4 c6 3. Nf3 Nf6 4. Nc3 e6 5. e3 Nbd7 6. Qc2 Bd6 7. b3 0-0 8. Bb2 Qe7 9. Be2 b6 10. 0-0 Bb7 11. Rad1 Rac8 12. Qb1 Bb8 13. Bd3 h6 14. Rfe1 c5 15. cxd5 cxd4 16. Nxd4 Nxd5 17. Nxd5 Bxd5 18. e4 Bb7 19. Nb5 Nc5 20. Bc2 Rfd8 21. b4 Nd7 22. Ba1 Nf6 23. Nd4 Qc7 24. e5 Nd5 25. Bb3 Qe7 26. Bxd5 Bxd5 27. f4 Rc4 28. b5 Rdc8 29. f5 Qg5 30. g3 Qg4 31. Qd3 Qh3 32. Re2 Rc1 33. Nc6 Rxd1+ 34. Qxd1 Kh8 35. fxe6 Bxe6 36. Rd2 Bc7 37. Ne7 Re8 38. Nd5 Rc8 39. Nf4 Qf5 40. Nxe6 Qxe6 41. Qe2 Re8 42. Rd3 Bxe5 43. Re3 f6 44. Bxe5 fxe5 45. Re4 Qd5 46. h4 Qc5+ 47. Kg2 Qc3 48. Kh3 Qc8+ 49. Qg4 Qc1 50. Qf5 Qa1 51. Qd7 Qh1+ 0-1

[Event "Berlin Lichtenberger Sommer 2nd"]
[Site "Berlin"]
[Date "2003.08.19"]
[Round "4.9"]
[White "Krasnici, Hasan"]
[Black "Koenig, Peter"]
[Result "1/2-1/2"]
[WhiteElo "2174"]
[BlackElo "1971"]
[PlyCount "93"]
[EventDate "2003.08.16"]
[EventType "swiss"]
[EventRounds "9"]
[EventCountry "GER"]
[SourceTitle "EXT 2022"]
[Source "ChessBase"]
[SourceDate "2021.10.06"]
[SourceVersion "1"]
[SourceVersionDate "2021.10.06"]
[SourceQuality "1"]

1. e4 c5 2. Nf3 d6 3. d4 cxd4 4. Nxd4 Nf6 5. Nc3 g6 6. Bg5 Nbd7 7. Qd2 h6 8. Bh4 Bg7 9. f4 0-0 10. Nb3 Qc7 11. Be2 a6 12. Bf3 Nb6 13. Qe2 Be6 14. Bf2 Rac8 15. Nd1 d5 16. e5 Ne4 17. Nd4 Nxf2 18. Nxf2 Na4 19. c3 Nxc3 20. Qd3 Na4 21. 0-0 Nxb2 22. Nxe6 Nxd3 23. Nxc7 Nxf4 24. Nxd5 Nxd5 25. Bxd5 Bxe5 26. Rae1 Bd6 27. Bxb7 Rc2 28. Ne4 Bb4 29. Rc1 Rxa2 30. Ra1 Rxa1 31. Rxa1 a5 32. Rc1 Kg7 33. Rc8 Rxc8 34. Bxc8 f5 35. Ng3 a4 36. Be6 Kf6 37. Ba2 Ke5 38. Kf2 a3 39. Ne2 Bd2 40. Kf3 g5 41. g4 f4 42. Bb3 Bb4 43. Ba2 Bd2 44. h3 Bb4 45. h4 Bd2 46. h5 Bb4 47. Bb1 1/2-1/2

[Event "Berlin Lichtenberger Sommer 2nd"]
[Site "Berlin"]
[Date "2003.08.16"]
[Round "1.14"]
[White "Borkowski, Gerhard"]
[Black "Krasnici, Hasan"]
[Result "0-1"]
[WhiteElo "1787"]
[BlackElo "2174"]
[PlyCount "67"]
[EventDate "2003.08.16"]
[EventType "swiss"]
[EventRounds "9"]
[EventCountry "GER"]
[SourceTitle "EXT 2022"]
[Source "ChessBase"]
[SourceDate "2021.10.06"]
[SourceVersion "1"]
[SourceVersionDate "2021.10.06"]
[SourceQuality "1"]

1. d4 d5 2. Nf3 Nf6 3. g3 e6 4. Bg2 c5 5. c3 Nc6 6. 0-0 Qb6 7. e3 Qc7 8. Re1 Be7 9. Nbd2 0-0 10. b3 b6 11. Bb2 Bb7 12. Rc1 Rac8 13. e4 dxe4 14. Ng5 cxd4 15. cxd4 Qd7 16. Ndxe4 Nxe4 17. Nxe4 Rfd8 18. Qh5 h6 19. Red1 Nb4 20. Rxc8 Qxc8 21. Rc1 Qd7 22. Qe2 Nxa2 23. Ra1 Bxe4 24. Bxe4 Nb4 25. Rc1 Bf6 26. Rc4 a5 27. Qf3 b5 28. Rc5 Be7 29. Rc1 Nd5 30. Bd3 a4 31. bxa4 bxa4 32. Qe4 g6 33. Ra1 Nb4 34. Bb1 0-1

[Event "Berlin-ch"]
[Site "Berlin"]
[Date "2003.04.25"]
[Round "8"]
[White "Tahiri, Daut"]
[Black "Krasnici, Hasan"]
[Result "0-1"]
[WhiteElo "1931"]
[BlackElo "2174"]
[PlyCount "96"]
[EventDate "2003.04.??"]
[EventType "swiss"]
[EventRounds "9"]
[EventCountry "GER"]
[SourceTitle "EXT 2006"]
[Source "ChessBase"]
[SourceDate "2005.11.24"]
[SourceVersion "1"]
[SourceVersionDate "2005.11.24"]
[SourceQuality "1"]

1. Nf3 c5 2. b3 b6 3. c4 Nf6 4. Bb2 Bb7 5. e3 e6 6. d3 Be7 7. Nbd2 Nc6 8. Be2 Qc7 9. 0-0 d5 10. cxd5 exd5 11. d4 0-0 12. Rc1 Ne4 13. dxc5 Bxc5 14. Nd4 Bxd4 15. Bxd4 Qe7 16. Bb2 Rad8 17. Nf3 f5 18. Bb5 Nb8 19. Be5 Rc8 20. Qe2 Nd7 21. Ba1 h6 22. b4 Nb8 23. Qb2 a6 24. Ba4 b5 25. Bb3 Nd7 26. Nd4 Nd6 27. Ne6 Rf7 28. Rxc8+ Nxc8 29. Nf4 Ndb6 30. a3 Nc4 31. Qc1 N8b6 32. Bd4 Nd7 33. Rd1 g5 34. Nd3 Qe4 35. Nc5 Nxc5 36. Bxc5 f4 37. exf4 gxf4 38. Re1 Qg6 39. f3 Rg7 40. Re2 Bc6 41. Bc2 Qf6 42. Bd3 Ne5 43. Qb2 Nxf3+ 44. Kh1 Qxb2 45. Rxb2 Ne5 46. Be2 Nc4 47. Rb3 d4 48. Bf3 Nd2 0-1

[Event "Berlin-ch"]
[Site "Berlin"]
[Date "2003.04.23"]
[Round "6"]
[White "Barsch, Christoph"]
[Black "Krasnici, Hasan"]
[Result "1-0"]
[WhiteElo "2094"]
[BlackElo "2174"]
[PlyCount "59"]
[EventDate "2003.04.??"]
[EventType "swiss"]
[EventRounds "9"]
[EventCountry "GER"]
[SourceTitle "EXT 2006"]
[Source "ChessBase"]
[SourceDate "2005.11.24"]
[SourceVersion "1"]
[SourceVersionDate "2005.11.24"]
[SourceQuality "1"]

1. e4 c5 2. Nf3 Nc6 3. d4 cxd4 4. Nxd4 Nf6 5. Nxc6 bxc6 6. Bd3 e5 7. 0-0 Be7 8. Nc3 0-0 9. Kh1 d6 10. f4 Rb8 11. b3 Qb6 12. Na4 Qc7 13. Qf3 Qa5 14. Bb2 Bd7 15. Rae1 Qc7 16. fxe5 dxe5 17. Qg3 Qa5 18. Qxe5 Bb4 19. Re2 Qd8 20. Ref2 Be7 21. Bc4 Rb4 22. a3 Rxc4 23. bxc4 Be6 24. Qc3 Ne8 25. Rd2 Qc8 26. Qa5 Nd6 27. Qxa7 Nxe4 28. Rd4 Qa8 29. Qxe7 Qxa4 30. Rd8 1-0

[Event "Berlin-ch"]
[Site "Berlin"]
[Date "2003.04.18"]
[Round "1"]
[White "Krasnici, Hasan"]
[Black "Richter, Michael"]
[Result "0-1"]
[WhiteElo "2174"]
[BlackElo "2439"]
[PlyCount "72"]
[EventDate "2003.04.??"]
[EventType "swiss"]
[EventRounds "9"]
[EventCountry "GER"]
[SourceTitle "EXT 2006"]
[Source "ChessBase"]
[SourceDate "2005.11.24"]
[SourceVersion "1"]
[SourceVersionDate "2005.11.24"]
[SourceQuality "1"]

1. e4 c5 2. Nf3 Nc6 3. d4 cxd4 4. Nxd4 Nf6 5. Nc3 e5 6. Ndb5 d6 7. Bg5 a6 8. Na3 b5 9. Bxf6 gxf6 10. Nd5 Bg7 11. c3 f5 12. Bd3 Ne7 13. Nxe7 Qxe7 14. Nc2 Qb7 15. f3 f4 16. Qd2 0-0 17. Nb4 Be6 18. g4 Bf6 19. g5 Bd8 20. Nd5 Kh8 21. h4 Rc8 22. Bc2 b4 23. cxb4 Bxd5 24. exd5 Rc4 25. 0-0-0 Rxb4 26. b3 f5 27. gxf6 Bxf6 28. Qe2 Qc7 29. Kb1 e4 30. Qd2 Rd4 31. Qe1 Rxd1+ 32. Bxd1 Rc8 33. Qd2 e3 34. Qc2 e2 35. Qd2 exd1Q+ 36. Rxd1 Qc3 0-1

[Event "Berlin Eckbauer op 5th"]
[Site "Berlin"]
[Date "2002.11.18"]
[Round "7"]
[White "Krasnici, Hasan"]
[Black "Zoellner, Rainer"]
[Result "1-0"]
[WhiteElo "2217"]
[BlackElo "1751"]
[PlyCount "99"]
[EventDate "2002.10.??"]
[EventType "swiss"]
[EventRounds "7"]
[EventCountry "GER"]
[SourceTitle "EXT 2005"]
[Source "ChessBase"]
[SourceDate "2004.11.15"]
[SourceVersion "1"]
[SourceVersionDate "2004.11.15"]
[SourceQuality "1"]

1. e4 e6 2. d4 d5 3. Nc3 Bb4 4. Nge2 dxe4 5. a3 Be7 6. Nxe4 Nf6 7. f3 b6 8. Be3 0-0 9. Qd2 Bb7 10. N2c3 Nbd7 11. 0-0-0 a6 12. Bd3 Nd5 13. Nxd5 Bxd5 14. c4 Bb7 15. Qc2 h6 16. g4 Nf6 17. Rhg1 Nxe4 18. Bxe4 Bxe4 19. Qxe4 Bf6 20. f4 g6 21. h4 Bg7 22. f5 exf5 23. gxf5 Re8 24. Qf4 Qe7 25. Rg3 Rad8 26. Bf2 Qf6 27. Be3 Rd6 28. fxg6 fxg6 29. Rf1 Qxf4 30. Rxf4 Rde6 31. Bd2 Kh7 32. Bc3 Re4 33. Rgf3 Rxf4 34. Rxf4 Re7 35. Kc2 Kg8 36. Kd3 Rf7 37. Rg4 Kh7 38. Ke4 Rf5 39. Bd2 Bf6 40. Rf4 Rxf4+ 41. Bxf4 c6 42. Bg3 Kg7 43. b4 Kf7 44. d5 cxd5+ 45. Kxd5 Bb2 46. a4 Bc3 47. Kc6 Bxb4 48. Kxb6 a5 49. c5 Ke7 50. c6 1-0

[Event "Berlin Eckbauer op 5th"]
[Site "Berlin"]
[Date "2002.10.28"]
[Round "4"]
[White "Albrecht, Rainer"]
[Black "Krasnici, Hasan"]
[Result "0-1"]
[WhiteElo "2113"]
[BlackElo "2217"]
[PlyCount "82"]
[EventDate "2002.10.??"]
[EventType "swiss"]
[EventRounds "7"]
[EventCountry "GER"]
[SourceTitle "EXT 2005"]
[Source "ChessBase"]
[SourceDate "2004.11.15"]
[SourceVersion "1"]
[SourceVersionDate "2004.11.15"]
[SourceQuality "1"]

1. d4 d5 2. c4 e6 3. Nc3 c6 4. e3 Nf6 5. Nf3 Nbd7 6. Bd3 dxc4 7. Bxc4 b5 8. Be2 Bb7 9. 0-0 a6 10. e4 c5 11. e5 Ne4 12. a4 b4 13. Nxe4 Bxe4 14. Ng5 Bd5 15. Bf3 Nb8 16. dxc5 Nc6 17. Bxd5 Qxd5 18. Qxd5 exd5 19. e6 f6 20. Nf7 Rg8 21. Rd1 Ke7 22. Nd6 Kxe6 23. Re1+ Kd7 24. Bf4 Bxd6 25. cxd6 Rge8 26. Red1 d4 27. Kf1 Re4 28. Bg3 Rae8 29. Rd2 f5 30. f3 Re3 31. Bf2 Rb3 32. Bxd4 Nxd4 33. Rxd4 Rxb2 34. Rc1 Rc8 35. Re1 Rcc2 36. Re7+ Kd8 37. Rd1 Rf2+ 38. Kg1 Rxg2+ 39. Kf1 Rgd2 40. Rxd2 Rxd2 41. Rxg7 b3 0-1

[Event "Berlin-ch MK"]
[Site "Berlin"]
[Date "2002.04.03"]
[Round "6"]
[White "Krasnici, Hasan"]
[Black "Heinig, Wolfram"]
[Result "1-0"]
[WhiteElo "2248"]
[BlackElo "2287"]
[PlyCount "103"]
[EventDate "2002.03.29"]
[EventType "swiss"]
[EventRounds "9"]
[EventCountry "GER"]
[SourceTitle "EXT 2008"]
[Source "ChessBase"]
[SourceDate "2007.11.25"]
[SourceVersion "1"]
[SourceVersionDate "2007.11.25"]
[SourceQuality "1"]

1. e4 c5 2. Nf3 e6 3. d4 cxd4 4. Nxd4 a6 5. Nc3 Qc7 6. Bd3 Nf6 7. 0-0 Nc6 8. Nxc6 bxc6 9. f4 d5 10. Kh1 Be7 11. b3 Bb7 12. Bb2 d4 13. Nb1 c5 14. Nd2 h5 15. Qe2 g5 16. c3 dxc3 17. Bxc3 gxf4 18. Nc4 Rg8 19. Be5 Qc6 20. Rxf4 Ng4 21. Raf1 f6 22. Bc3 0-0-0 23. h3 Ne5 24. Nxe5 fxe5 25. Rf7 Qd6 26. Bc4 Rg5 27. Rh7 Rdg8 28. Rf2 Rg3 29. Bb2 Bh4 30. Rhf7 R3g6 31. Qxh5 Bxf2 32. Rxf2 Rg5 33. Qf7 R8g7 34. Bxe6+ Kb8 35. Qf8+ Qxf8 36. Rxf8+ Kc7 37. Bf5 Rxg2 38. Bxe5+ Kb6 39. Bxg7 Rxg7 40. Re8 Rg5 41. Kh2 Bc6 42. Re7 a5 43. h4 Rh5 44. Kg3 a4 45. Kg4 axb3 46. axb3 Rh8 47. h5 Rg8+ 48. Bg6 Kb5 49. Kg5 Kb4 50. h6 Kxb3 51. h7 Rh8 52. Rc7 1-0

[Event "Berlin-ch MK"]
[Site "Berlin"]
[Date "2002.04.02"]
[Round "5"]
[White "Krasnici, Hasan"]
[Black "Weischede, Thomas"]
[Result "1/2-1/2"]
[WhiteElo "2248"]
[BlackElo "2300"]
[PlyCount "60"]
[EventDate "2002.03.29"]
[EventType "swiss"]
[EventRounds "9"]
[EventCountry "GER"]
[SourceTitle "EXT 2008"]
[Source "ChessBase"]
[SourceDate "2007.11.25"]
[SourceVersion "1"]
[SourceVersionDate "2007.11.25"]
[SourceQuality "1"]

1. e4 c6 2. d4 d5 3. Nc3 dxe4 4. Nxe4 Nf6 5. Nxf6+ gxf6 6. g3 Qd5 7. Nf3 Bg4 8. Bg2 Nd7 9. h3 Bh5 10. 0-0 0-0-0 11. Qd3 Bg6 12. Qa3 a6 13. Qa4 Be4 14. c4 Nb6 15. cxd5 Nxa4 16. dxc6 Bxc6 17. b3 Nc3 18. Re1 e6 19. Bb2 Nd5 20. a3 Bh6 21. Rad1 Kb8 22. Nd2 Bxd2 23. Rxd2 h5 24. h4 f5 25. Rd3 Rc8 26. Bc1 Ne7 27. Bf4+ Ka8 28. Bd6 Bxg2 29. Bxe7 Bd5 30. Bc5 Rc6 1/2-1/2

[Event "Berlin-ch MK"]
[Site "Berlin"]
[Date "2002.03.31"]
[Round "3"]
[White "Troesch, Thomas"]
[Black "Krasnici, Hasan"]
[Result "0-1"]
[WhiteElo "2188"]
[BlackElo "2248"]
[PlyCount "100"]
[EventDate "2002.03.29"]
[EventType "swiss"]
[EventRounds "9"]
[EventCountry "GER"]
[SourceTitle "EXT 2008"]
[Source "ChessBase"]
[SourceDate "2007.11.25"]
[SourceVersion "1"]
[SourceVersionDate "2007.11.25"]
[SourceQuality "1"]

1. Nf3 c5 2. b3 Nc6 3. Bb2 Nf6 4. e3 e6 5. c4 d5 6. cxd5 exd5 7. Bb5 Bd6 8. 0-0 0-0 9. d4 cxd4 10. Nxd4 Bd7 11. Be2 a6 12. Nd2 Qe7 13. Nxc6 bxc6 14. Nf3 a5 15. Qd4 Rfb8 16. Bc3 h6 17. Rfe1 Qe6 18. Bd3 Bb4 19. Rac1 c5 20. Qe5 Rc8 21. Red1 Qg4 22. h3 Qe6 23. Bb1 Ba3 24. Rc2 a4 25. bxa4 Bxa4 26. Qg3 Rab8 27. Rcd2 Bxd1 28. Rxd1 Bb2 29. Bxb2 Rxb2 30. Nh4 Ne4 31. Bxe4 Qxe4 32. Kh2 Rxa2 33. f3 Qe6 34. e4 d4 35. Nf5 Qf6 36. Rb1 Ra6 37. Rb7 Re6 38. Rd7 Kh7 39. Qg4 g6 40. Nh4 h5 41. Qg3 c4 42. f4 Rxe4 43. Nf3 Rc5 44. Ng5+ Rxg5 45. fxg5 Qf5 46. Qc7 Kg7 47. Rd8 Qxg5 48. Qd6 Qf4+ 49. Qxf4 Rxf4 50. Kg3 g5 0-1

[Event "Strausberg Weihnachts op"]
[Site "Strausberg"]
[Date "2001.12.27"]
[Round "1.5"]
[White "Krasnici, Hasan"]
[Black "Kuckel, Andreas"]
[Result "1-0"]
[WhiteElo "2248"]
[BlackElo "1767"]
[PlyCount "53"]
[EventDate "2001.12.27"]
[EventType "swiss"]
[EventRounds "7"]
[EventCountry "GER"]
[SourceTitle "EXT 2003"]
[Source "ChessBase"]
[SourceDate "2002.11.25"]
[SourceVersion "1"]
[SourceVersionDate "2002.11.25"]
[SourceQuality "1"]

1. e4 e6 2. d4 d5 3. Nd2 Nf6 4. Bd3 c5 5. e5 Nfd7 6. c3 Nc6 7. Ne2 Qb6 8. Nf3 f6 9. exf6 Nxf6 10. 0-0 Bd6 11. c4 0-0 12. b3 cxd4 13. cxd5 exd5 14. Bb2 Bg4 15. Nexd4 Nxd4 16. Bxd4 Bxf3 17. gxf3 Qc7 18. Rc1 Qf7 19. f4 Bxf4 20. Rc2 Qh5 21. f3 Rac8 22. Rg2 Rc1 23. Qe2 Rxf1+ 24. Kxf1 Re8 25. Qf2 Bd2 26. Qxd2 Qxf3+ 27. Kg1 1-0

[Event "Berlin tt 0001"]
[Site "Berlin"]
[Date "2001.02.25"]
[Round "6.2"]
[White "Krasnici, Hasan"]
[Black "Haemmerlein, Thomas"]
[Result "1-0"]
[WhiteElo "2256"]
[BlackElo "2162"]
[PlyCount "23"]
[EventDate "2000.10.22"]
[EventType "team"]
[EventRounds "11"]
[EventCountry "GER"]
[SourceTitle "EXT 2007"]
[Source "ChessBase"]
[SourceDate "2006.11.23"]
[SourceVersion "1"]
[SourceVersionDate "2006.11.23"]
[SourceQuality "1"]

1. e4 c5 2. Nf3 Nf6 3. Nc3 d5 4. exd5 Nxd5 5. Bb5+ Bd7 6. Qe2 Nf6 7. d4 cxd4 8. Nxd4 a6 9. Bc4 Bg4 10. Nf3 g6 11. Ne5 Bxe2 12. Bxf7# 1-0

[Event "Berlin tt 0001"]
[Site "Berlin"]
[Date "2001.01.21"]
[Round "5.3"]
[White "Nguyen Luu, Truong Son"]
[Black "Krasnici, Hasan"]
[Result "0-1"]
[WhiteElo "2035"]
[BlackElo "2256"]
[PlyCount "74"]
[EventDate "2000.10.22"]
[EventType "team"]
[EventRounds "11"]
[EventCountry "GER"]
[SourceTitle "EXT 2007"]
[Source "ChessBase"]
[SourceDate "2006.11.23"]
[SourceVersion "1"]
[SourceVersionDate "2006.11.23"]
[SourceQuality "1"]

1. d4 d5 2. c4 c6 3. Nc3 Nf6 4. Nf3 e6 5. e3 Nbd7 6. Bd3 dxc4 7. Bxc4 b5 8. Bd3 Bb7 9. e4 a6 10. e5 Nd5 11. 0-0 c5 12. Nxd5 Bxd5 13. a4 c4 14. Bb1 Be7 15. Re1 Nb6 16. a5 Nd7 17. Re3 Nb8 18. Nd2 Nc6 19. Rg3 g6 20. Ne4 Nxa5 21. Bh6 Rg8 22. Bg5 Bxg5 23. Nxg5 Rg7 24. Nh3 Nb3 25. Ra3 Qb6 26. Raxb3 cxb3 27. Nf4 Bb7 28. Nh5 gxh5 29. Rxg7 0-0-0 30. Rg3 Bd5 31. Rh3 Bc4 32. Rh4 a5 33. Bxh7 a4 34. h3 b4 35. Kh2 Kb8 36. Qxh5 a3 37. bxa3 bxa3 0-1

[Event "Zita op 1st"]
[Site "Germany"]
[Date "2001.01.12"]
[Round "1"]
[White "Krasnici, Hasan"]
[Black "Epple, Fedor"]
[Result "1-0"]
[WhiteElo "2248"]
[BlackElo "1768"]
[PlyCount "38"]
[EventDate "2001.01.??"]
[EventType "swiss"]
[EventRounds "9"]
[EventCountry "GER"]
[SourceTitle "EXT 2005"]
[Source "ChessBase"]
[SourceDate "2004.11.15"]
[SourceVersion "1"]
[SourceVersionDate "2004.11.15"]
[SourceQuality "1"]

1. e4 c5 2. Nf3 Nc6 3. d4 cxd4 4. Nxd4 g6 5. Nxc6 bxc6 6. Qd4 Nf6 7. e5 Nd5 8. e6 f6 9. exd7+ Bxd7 10. c4 e5 11. Qd1 Ne7 12. Nc3 Bg7 13. Be2 0-0 14. 0-0 Qc7 15. Be3 Rfd8 16. Qa4 Nf5 17. Bc5 Nd4 18. Rfd1 Bf5 19. Rac1 Bh6 1-0

[Event "Berlin op 10"]
[Site "Berlin"]
[Date "2000.11.13"]
[Round "5"]
[White "Boewer, Roland"]
[Black "Krasnici, Hasan"]
[Result "0-1"]
[WhiteElo "2163"]
[BlackElo "2232"]
[PlyCount "97"]
[EventDate "2000.10.16"]
[EventType "swiss"]
[EventRounds "7"]
[EventCountry "GER"]
[SourceTitle "EXT 2007"]
[Source "ChessBase"]
[SourceDate "2006.11.23"]
[SourceVersion "1"]
[SourceVersionDate "2006.11.23"]
[SourceQuality "1"]

1. e4 c5 2. Nf3 Nc6 3. Nc3 e5 4. Bc4 d6 5. h3 Be7 6. 0-0 Nf6 7. d3 0-0 8. Bg5 Be6 9. Bxf6 Bxf6 10. Nd5 Na5 11. Nxf6+ Qxf6 12. Bxe6 fxe6 13. c3 Nc6 14. Qd2 h6 15. Rad1 Rf7 16. Kh1 Raf8 17. Ng1 Qh4 18. g3 Qh5 19. Kg2 Rf6 20. f3 Qf7 21. Qe3 b6 22. Rd2 d5 23. Rdf2 d4 24. Qd2 Qd7 25. c4 g5 26. a3 Qe7 27. Rb1 a5 28. b3 Kh7 29. Rbf1 R8f7 30. Ne2 Qf8 31. Ng1 Rb7 32. Rb1 Qe7 33. Kh1 Rf8 34. a4 Rf7 35. Rh2 Rb8 36. Rf1 Rg8 37. Rhf2 Qf6 38. Kg2 Ne7 39. Qe2 Rgf8 40. Qd2 Qg6 41. Kh2 Qh5 42. Qe2 Qg6 43. Qd2 Ng8 44. Qe2 h5 45. Qd2 Nh6 46. h4 gxh4 47. gxh4 Rf4 48. Nh3 Rxh4 49. Rg1 0-1

[Event "Berlin op 10"]
[Site "Berlin"]
[Date "2000.10.23"]
[Round "2"]
[White "Krasnici, Hasan"]
[Black "Kievelitz, Bernd"]
[Result "1-0"]
[WhiteElo "2232"]
[BlackElo "2062"]
[PlyCount "75"]
[EventDate "2000.10.16"]
[EventType "swiss"]
[EventRounds "7"]
[EventCountry "GER"]
[SourceTitle "EXT 2007"]
[Source "ChessBase"]
[SourceDate "2006.11.23"]
[SourceVersion "1"]
[SourceVersionDate "2006.11.23"]
[SourceQuality "1"]

1. e4 c5 2. Nf3 e6 3. d4 cxd4 4. Nxd4 a6 5. Nc3 b5 6. Be2 Bb7 7. a3 Qc7 8. 0-0 Nf6 9. Bd3 Nc6 10. Nxc6 Qxc6 11. Qe2 Be7 12. f4 d5 13. e5 Nd7 14. f5 Bc5+ 15. Kh1 0-0-0 16. fxe6 fxe6 17. Bg5 Rdf8 18. Na2 h6 19. Bd2 Rxf1+ 20. Rxf1 Rf8 21. Nb4 Qc7 22. Rxf8+ Nxf8 23. c3 Qf7 24. a4 a5 25. Nc2 bxa4 26. Be3 Nd7 27. Bd4 Qf4 28. Qe1 Bb6 29. Bb5 Bc7 30. Qe3 Qxe3 31. Bxe3 Nxe5 32. Nd4 Ng4 33. Bg1 e5 34. Nf5 g6 35. Ne7+ Kb8 36. Nxg6 a3 37. bxa3 e4 38. Ne5 1-0